000 01219cam a2200349 a 4500
001 711906
003 NUST - PNEC
005 20170116180852.0
008 970528s1998 enka b 000 0 eng d
010 _a 97067408
020 _a1853125318
035 _a(OCoLC)39394230
040 _aDNASA-G
_cLIBRARY
_dDLC
042 _alccopycat
050 0 4 _aTA660.P6
_bP553 1998
082 0 0 _a620.00551535 ALI
100 _95766
_aAliabadi, M.H.
245 0 0 _aPlate bending analysis with boundary elements /
_ceditor, M.H. Aliabadi.
260 _aSouthampton, UK ;
_aBoston :
_bComputational Mechanics Publications,
_cc1998.
300 _aix, 353 p. :
_bill. ;
_c25 cm.
490 0 _aAdvances in boundary elements,
_x1460-1419 ;
_v2
504 _aIncludes bibliographical references.
650 0 _aPlates (Engineering).
_xME
650 0 _aElastic plates and shells.
650 0 _aBoundary element methods.
650 0 _aFlexure.
700 1 _aAliabadi, M. H.
906 _a7
_bcbc
_ccopycat
_d2
_eopcn
_f19
_gy-gencatlg
942 _2ddc
_cBK
999 _c64661
_d64661